Normal view
MARC view
- اقتصاد زراعي
Entry Topical Term
001 - CONTROL NUMBER
- control field: 32258
003 - CONTROL NUMBER IDENTIFIER
- control field: JO-AjAnu
005 - DATE AND TIME OF LATEST TRANSACTION
- control field: 20230606075425.0
008 - FIXED-LENGTH DATA ELEMENTS
- fixed length control field: 230606|| aca||aabn | a|a d
040 ## - CATALOGING SOURCE
- Original cataloging agency: JO-AjAnu
- Transcribing agency: JO-AjAnu
150 ## - HEADING--TOPICAL TERM
- Topical term or geographic name entry element: اقتصاد زراعي
670 ## - SOURCE DATA FOUND
- Source citation: Work cat.: (JO-AjAnu)16568: عوض،عادل يوسف/محمد مدحت مصطفى/فاطمة محمد عبدالله, author 32257, الاقتصاد الزراعي